| 000 | 01695nam a2200349 a 4500 | ||
|---|---|---|---|
| 001 | BRCA_3329 | ||
| 005 | 20190320204227.0 | ||
| 008 | 240309m18801881enka---###---#000-0#eng-# | ||
| 041 | _aeng | ||
| 044 | _aenk | ||
| 084 |
_a623 _b.N56 _c1880 |
||
| 100 | 1 |
_aCervantes Saavedra, Miguel de _d1547-1616 _9213 |
|
| 245 | 1 | 0 |
_aThe History of Don Quixote de la Mancha _cTranslated from the Spanish by Motteux. |
| 260 |
_aLondres _bJ. C. Nimmo and Bain _c1880-1881 |
||
| 300 |
_a4 v. _bil. _c20 cm. |
||
| 500 | _aContenido : v.1. Primera parte. Noticia biográfica sobre P. A. Motteux por Henry van Laun. Vida de Cervantes por Lockhart. Prólogo del autor. Notas. 1880. -- v.2. Primera parte. Notas. 1881. -- v.3. Segunda parte. Prólogo del autor. Notas. 1881. -- v.4. Segunda parte. Notas. 1881 | ||
| 500 | _aEdición : Edited with Notes and Momeir by G. Lockhart, Preceded by a Short Notice of the Life and Works of Motteux by Henry val Laun. With 16 Originally Etchins by R. de los Ríos | ||
| 500 | _aEjemplar por completo igual al anterior [622] Lúdovik Osterc | ||
| 500 | _aQM481 | ||
| 546 | _aTexto en : inglés | ||
| 650 | 1 | 4 |
_aNovela española _yÉpoca clásica, 1500-1700 _9215 |
| 650 | 1 | 4 |
_aLiteratura española _yÉpoca clásica, 1500-1700 _9216 |
| 650 | 1 | 4 |
_aNovela española _ySiglo XVII _9217 |
| 650 | 1 | 4 |
_aDon Quijote (Personaje ficticio) _eNovela _9218 |
| 700 | 1 |
_aMotteux, Peter Anthony _d1663-1718 _eTraductor _98794 |
|
| 700 | 1 |
_aLockhart, John Gibson _eAnotador _98795 |
|
| 700 | 1 |
_aLaun, Henry van _d1820-1896 _eAnotador _98796 |
|
| 700 | 1 |
_aRíos, R. de los _eIlustrador _98797 |
|
| 740 | 0 | _aEl Ingenioso Hidalgo Don Quijote de la Mancha | |
| 902 | _aQFM | ||
| 942 |
_2lcc _cB |
||
| 999 |
_c3065 _d3065 |
||